| 000 | 00533nam a22002297a 4500 | ||
|---|---|---|---|
| 003 | UA-OsUOA | ||
| 001 | 19735 | ||
| 007 | ta | ||
| 008 | 20040511b un ||||| |||| 00| 0 ukr d | ||
| 100 | _aРозанович А. | ||
| 090 | _bР-64 | ||
| 942 | _cBK | ||
| 040 |
_aUA-OsUOA _bukr _cUA-OsUOA _dUA-OsUOA |
||
| 245 |
_aІ все-таки любов _b[Вірші] |
||
| 300 | _a88 с. | ||
| 955 | _a0 | ||
| 041 | _aukr | ||
| 591 | _a84(4Укр)6 | ||
| 260 |
_aКостопіль _c2004 |
||
| 044 | _aUA | ||
| 650 | 7 |
_aВірші _2UDC |
|
| 999 |
_c305907 _d305907 |
||